| 000 | 01214nam a2200349 i 4500 | ||
|---|---|---|---|
| 001 | 15504964 | ||
| 003 | EG-ScBUE | ||
| 005 | 20240208115222.0 | ||
| 008 | 081030s2009 enk f b 001 0 eng d | ||
| 020 | _a9780415850513 | ||
| 040 |
_aDLC _beng _erda _cDLC _dDLC _dEG-ScBUE |
||
| 082 | 0 | 4 |
_a323.6 _222 _bSEC |
| 245 | 0 | 0 |
_aSecuritizations of citizenship / _cedited by Peter Nyers. |
| 264 | 1 |
_aLondon ; _aNew York : _bRoutledge, _c2009. |
|
| 300 |
_axi, 209 pages ; _c24 cm. |
||
| 336 |
_2rdacontent _atext _btxt |
||
| 337 |
_2rdamedia _aunmediated _bn |
||
| 338 |
_2rdacarrier _avolume _bnc |
||
| 490 | 0 | _aRoutledge advances in international relations and global politics | |
| 504 | _aIncludes bibliographical references and index. | ||
| 541 | _aBook Fair 2024. | ||
| 650 | 7 |
_aCitizenship. _2BUEsh |
|
| 650 | 7 |
_aInternal security. _2BUEsh |
|
| 650 | 7 |
_aSocial control. _2BUEsh |
|
| 650 | 7 |
_aCivil rights. _2BUEsh |
|
| 653 |
_cFebruary2024 _bBUSBOL |
||
| 655 | _vReading book | ||
| 700 | 1 |
_aNyers, Peter, _eeditor. |
|
| 906 |
_a7 _bcbc _corignew _d1 _eecip _f20 _gy-gencatlg |
||
| 942 |
_2ddc _cBB |
||
| 999 |
_c30645 _d30616 |
||